000 00561nam a2200193 i 4500
001 128535
003 ES-MaACL
005 20250809063519.0
007 t|
008 070517s1965 sp ||||1| spa d
080 _a338:63(46)
100 1 _aTamames, Ramón,
_d1933-
_9237391
245 1 0 _aProblemas fundamentales de la agricultura española /
_cRamón Tamames.
260 _aMadrid :
_bZYX,
_c[1965]
300 _a52 p. ;
_c17 cm.
650 1 4 _aAgricultura-
_zEspaña.
_99680
852 _aES-MaACL
_jC-28921
_bR.58082
999 _c128535
_d128535